GUITAR-A Tkinter based desktop interface for transcriptomic analysis of RNA-Seq data; validation through case study of disease psoriasis / (Record no. 587489)

000 -LEADER
fixed length control field 00573nam a22001577a 4500
020 ## - INTERNATIONAL STANDARD BOOK NUMBER
Qualifying information Hard Cover.
082 ## - DEWEY DECIMAL CLASSIFICATION NUMBER
Classification number 570.2 RAS
100 ## - MAIN ENTRY--PERSONAL NAME
Personal name Sidrah Rashid.
245 ## - TITLE STATEMENT
Title GUITAR-A Tkinter based desktop interface for transcriptomic analysis of RNA-Seq data; validation through case study of disease psoriasis /
Statement of responsibility, etc. Rashid, Sidrah
260 ## - PUBLICATION, DISTRIBUTION, ETC.
Place of publication, distribution, etc. Islamabad:
Name of publisher, distributor, etc. RCMS-NUST,
Date of publication, distribution, etc. 2021.
300 ## - PHYSICAL DESCRIPTION
Extent 107 p. :
Other physical details ill. ;
Dimensions 30cm.
650 ## - SUBJECT ADDED ENTRY--TOPICAL TERM
Topical term or geographic name entry element MS-Bioinformatics.
700 ## - ADDED ENTRY--PERSONAL NAME
Personal name Dr. Rehan Zafar Paracha
942 ## - ADDED ENTRY ELEMENTS (KOHA)
Source of classification or shelving scheme
Koha item type Thesis
650 ## - SUBJECT ADDED ENTRY--TOPICAL TERM
-- 87255
700 ## - ADDED ENTRY--PERSONAL NAME
-- 87256
Holdings
Withdrawn status Lost status Source of classification or shelving scheme Damaged status Not for loan Permanent Location Current Location Shelving location Date acquired Total Checkouts Full call number Barcode Date last seen Price effective from Koha item type
          School of Interdisciplinary Engineering and Sciences (SINES) School of Interdisciplinary Engineering and Sciences (SINES) Thesis 01/03/2022   570.2 RAS RCMS003304 01/03/2022 01/03/2022 Reference
© 2023 Central Library, National University of Sciences and Technology. All Rights Reserved.